Evaluation of entamopathogenic nematodes against aetherastis circulata (Record no. 46832)

MARC details
000 -LEADER
fixed length control field 01795nam a2200205Ia 4500
100 ## - MAIN ENTRY--AUTHOR NAME
Personal name Thankamony S
245 #0 - TITLE STATEMENT
Title Evaluation of entamopathogenic nematodes against aetherastis circulata
260 ## - PUBLICATION, DISTRIBUTION, ETC. (IMPRINT)
Name of publisher Rubber Science
Year of publication 2013
300 ## - PHYSICAL DESCRIPTION
Number of Pages 123-126
520 ## - SUMMARY, ETC.
Summary, etc A total of 345 soil samples from rubber growing areas were collected from ten districts of Kerala to find out the natural occurrence of entomopathogenic nematodes (EPN). Bioassay of samples was conducted by soil baiting technique using fifth instar larvae of greater wax moth, Galleria mellonella, under the laboratory condition. Seventy three samples (21;) yielded EPN, Amoung these 61 samples (18;) collected from thiruvananthapuram, Kottayam, Thrissur, Palakkad, Kozhikkode and Malappuram regions yielded both Heterorhabditis and Steinernema spp. Twelve soil samples (3;) collected from Kollam, Pathanamthitta, Ernakulam and Idukki regions showed the presence of Heterorhabditis circulata infesting rubber plants was conducted. The results of the laboratory study showed 84 per cent mortality of second instar larvae of A. circulata within 24 h followed by 88 and 92 per cent mortality of third and forth instar larvae, respectively when they were inoculated with EPN @ 320 ijls/5 larvae. Hundred per cent mortality was recorded at 48 h of exposure. The multiplication rate was found to be reduced at lower as well as higher inoculum levels. No significant effect was noticed upon the field application of EPN against A. circulata.
650 ## - SUBJECT ADDED ENTRY--TOPICAL TERM
Topical Term Aetherastis circulata
650 ## - SUBJECT ADDED ENTRY--TOPICAL TERM
Topical Term Aetherastis circulata
650 ## - SUBJECT ADDED ENTRY--TOPICAL TERM
Topical Term Biocontrol
650 ## - SUBJECT ADDED ENTRY--TOPICAL TERM
Topical Term Biocontrol
650 ## - SUBJECT ADDED ENTRY--TOPICAL TERM
Topical Term Entomopathogenic nematodes
650 ## - SUBJECT ADDED ENTRY--TOPICAL TERM
Topical Term Entomopathogenic nematodes
700 ## - ADDED ENTRY--PERSONAL NAME
Personal name Jose VT
942 ## - ADDED ENTRY ELEMENTS (KOHA)
Koha item type Articles
Holdings
Withdrawn status Lost status Damaged status Not for loan Home library Current library Shelving location Date acquired Serial Enumeration / chronology Koha item type
      Articles RRII Library RRII Library Pathology 26/07/2013 Volume 26, Issue 1 Articles